| 000 | 01101nam a2200277 i 4500 | ||
|---|---|---|---|
| 003 | EG-ScBUE | ||
| 005 | 20240123154118.0 | ||
| 008 | 100803s1967 u b f b 000 0 ara d | ||
| 040 |
_aEG-ScBUE _bara _erda _cEG-ScBUE _dEG-ScBUE |
||
| 043 | _af-sj--- | ||
| 082 | 0 | 4 |
_222 _a962.403 _bع ب ي |
| 100 | 1 |
_917041 _aعبيد، جميل، _eمؤلف. |
|
| 245 | 1 | 2 |
_aالمديرية الاستوائية / _cتأليف الدكتور جميل عبيد. |
| 264 | 1 |
_aالقاهرة : _bدار الكاتب العربي للطباعة والنشر، _c1967. |
|
| 300 |
_a579 صفحة : _bخرائط ؛ _c24 سم. |
||
| 336 |
_2rdacontent _aنص _btxt |
||
| 337 |
_aبدون وسيط _2rdamedia _bn |
||
| 338 |
_aمجلد _bnc _2rdacarrier |
||
| 490 | 0 |
_aالمكتبة العربية ؛ _v56 |
|
| 504 | _aيشتمل على إرجاعات ببليوجرافية. | ||
| 541 |
_aألف باء ؛ _cشراء ؛ |
||
| 651 | 7 |
_2BUEsh _aالسودان _xتاريخ _yالعصر الحديث. |
|
| 651 | 7 |
_2BUEsh _aالسودان _zمديرية خط الاستواء. |
|
| 655 | _vReading book | ||
| 942 |
_2ddc _cBB |
||
| 999 |
_c14603 _d14603 |
||